000 00645nam a2200205 4500
001 112638
003 ES-MaACL
005 20250811104723.0
007 t|
008 061121s1970 sp r ||||1| spa d
100 1 _aNieto Alcaide, Víctor.
_985671
245 1 3 _aLa vidriera del Renacimiento en España /
_cpor Víctor Nieto Alcaide.
260 _aMadrid :
_bInstituto Diego Velázquez,
_c1970.
300 _a63 p., con lám. ;
_c23 cm.
490 1 _aArte y artistas
710 2 _aInstituto Diego Velázquez.
_95021
830 0 0 _aArte y artistas
_9186462
852 _aES-MaACL
_jC-44539
_bR.76725
999 _c112638
_d112638